000 00806cab a2200289 4500
001 WB3209-23
008 090401t1996 xxu||||| |||| 00| 0 eng d
035 _a(Sirsi) u40242
041 _aeng
245 _aPylon problems
260 _c1996
350 _a0
490 _aFarming News
_v1 March 1996, 25(1)
520 _aConsiders the effect of pylons on the value of property and land in terms of inconveniences, eyesores and health hazards.
650 _aBLIGHT
650 _aELECTROMAGNETIC FIELDS
650 _aFARMLAND VALUES
650 _aHEALTH HAZARDS
650 _aLAND VALUES
650 _aOVERHEAD POWER LINES
650 _aPROPERTY VALUES
650 _aPYLONS
650 _aWAYLEAVES
690 _aENVIRONMENTAL AND LAND CONSULTANCY
942 _n0
948 _c04/03/1997
999 _c25779
_d25779